| 000 | 00761 a2200289 4500 | ||
|---|---|---|---|
| 001 | 200158680 | ||
| 710 |
_995890 _aTEPAV |
||
| 999 |
_c200158680 _d39189 |
||
| 003 | TR-AnTOB | ||
| 005 | 20190322123233.0 | ||
| 008 | 150603b tu 000 0 | ||
| 020 | _a9789758936502 | ||
| 040 | _aTR-AnTOB | ||
| 041 | _atur | ||
| 050 |
_aHD41.T8 _b.T87 2007 |
||
| 090 | _aHD41.T8 .T87 2007 | ||
| 245 | 0 | _aTürkiye'de rekabetçilik ve düzenleme | |
| 264 |
_aAnkara : _bTEPAV, _c2007. |
||
| 300 |
_a451 p. : _bill. ; _c30 cm. |
||
| 336 |
_atext _2rdacontent |
||
| 337 |
_aunmediated _2rdamedia |
||
| 338 |
_avolume _2rdacarrier |
||
| 504 | _aIncludes bibliographical references | ||
| 650 |
_aRekabet _zTürkiye _920221 |
||
| 650 |
_aCompetition _zTurkey _920222 |
||
| 990 | _at.o 20.12.2013 | ||
| 942 | _cBK | ||